| 000 | 00771nam a2200205Ia 4500 | ||
|---|---|---|---|
| 003 | GCL | ||
| 008 | 140319s9999 xx 000 0 ara d | ||
| 040 |
_aGCL / _cGCL |
||
| 082 | 0 | 4 |
_a792.022 _bهـ ع |
| 100 | 1 | _aهوليدج، جولى | |
| 245 | 1 | 0 |
_aالعرض المسرحى النسائى بين الثقافات / _cهوليدج، جولى |
| 700 | 1 | _aتومبكينز، جوان | |
| 260 |
_aالقاهرة : _bوزارة الثقافة - مهرجان القاهرة الدولى للمسرح التجريبى ، _c2004 |
||
| 300 |
_a315 ص ؛ _c24 سم |
||
| 650 | 0 | 4 | _aالفنون المسرحية |
| 650 | 0 | 4 | _aالتمثيل فى المسرح |
| 650 | 0 | 4 | _aالممثلون والممثلات |
| 650 | 0 | 4 | _aالمسرح النسائى |
| 942 |
_2ddc _cBK |
||
| 999 |
_c7181 _d7181 |
||